[Event "16th South Wales Int 2019"]
[Site "Bridgend"]
[Date "2019.07.09"]
[Round "4.18"]
[White "Marusenko, Petr"]
[Black "Thomas, Roy"]
[Result "1-0"]
[WhiteElo "2154"]
[BlackElo "1708"]
[PlyCount "95"]
[EventDate "2019.07.07"]
[EventType "swiss"]
[EventRounds "9"]
[EventCountry "WLS"]

1. d4 f5 2. e4 fxe4 3. Nc3 Nf6 4. Bg5 c6 5. Qd2 e6 6. f3 Bb4 7. a3 Be7 8. fxe4
O-O 9. Nf3 d5 10. e5 Nfd7 11. Bxe7 Qxe7 12. Nd1 b5 13. Bd3 Nb6 14. b3 Ba6 15.
O-O N8d7 16. Ne3 Bb7 17. Qb4 Qd8 18. a4 a6 19. a5 Nc8 20. Qe1 Qe7 21. Qg3 c5
22. c3 c4 23. Bc2 cxb3 24. Bxb3 b4 25. Bc2 Na7 26. Qg5 Qxg5 27. Nxg5 bxc3 28.
Bxh7+ Kh8 29. Bg6 Rxf1+ 30. Rxf1 Nf8 31. Bf7 Bc6 32. Rf3 g6 33. Bxe6 Nxe6 34.
Nxe6 Nb5 35. Nc2 Bd7 36. Rf6 Bxe6 37. Rxe6 Kg7 38. Kf2 Rf8+ 39. Ke2 Ra8 40.
Re7+ Kf8 41. Rh7 Rd8 42. Rh8+ Ke7 43. Rxd8 Kxd8 44. Kd3 Ke7 45. Nb4 Ke6 46.
Nxa6 Nxd4 47. Kxd4 c2 48. Nc5+ 1-0

[Event "16th South Wales Int 2019"]
[Site "Bridgend"]
[Date "2019.07.09"]
[Round "4.19"]
[White "Bevan, Peter M"]
[Black "Davies, Sam"]
[Result "1/2-1/2"]
[WhiteElo "1942"]
[BlackElo "1705"]
[PlyCount "74"]
[EventDate "2019.07.07"]
[EventType "swiss"]
[EventRounds "9"]
[EventCountry "WLS"]

1. e4 e6 2. Nc3 d5 3. Nf3 Nf6 4. e5 Nfd7 5. d4 c5 6. Bg5 Qb6 7. dxc5 Bxc5 8.
Qd2 Nc6 9. Bb5 Nd4 10. Nxd4 Bxd4 11. Bf4 a6 12. Bxd7+ Bxd7 13. Rb1 Rc8 14. O-O
Qb4 15. Rfd1 Ba7 16. Ne2 Qc4 17. Nc3 b5 18. a3 Bb6 19. Be3 Bxe3 20. Qxe3 Qc5
21. Qxc5 Rxc5 22. Rd4 Ke7 23. Rbd1 Rhc8 24. f4 a5 25. Kf2 Rc4 26. R1d2 b4 27.
axb4 axb4 28. Rxc4 Rxc4 29. Ne2 f6 30. Nd4 g5 31. g3 h5 32. h4 gxf4 33. gxf4
fxe5 34. fxe5 Rc8 35. Rd3 Rf8+ 36. Rf3 Rg8 37. Rg3 Rf8+ 1/2-1/2

[Event "16th South Wales Int 2019"]
[Site "Bridgend"]
[Date "2019.07.09"]
[Round "4.20"]
[White "Parry, Matthew"]
[Black "Miga, Tomasz"]
[Result "1-0"]
[WhiteElo "1909"]
[BlackElo "1593"]
[PlyCount "67"]
[EventDate "2019.07.07"]
[EventType "swiss"]
[EventRounds "9"]
[EventCountry "WLS"]

1. d4 Nf6 2. c4 e6 3. Nc3 d5 4. cxd5 exd5 5. Bg5 Be7 6. e3 O-O 7. Bd3 c6 8. Qc2
Nbd7 9. Nge2 Re8 10. h3 Ne4 11. Bxe7 Qxe7 12. Nxe4 dxe4 13. Bc4 Qb4+ 14. Qc3
Qxc3+ 15. Nxc3 Nb6 16. Bb3 Be6 17. Bc2 f5 18. g4 fxg4 19. hxg4 Bxg4 20. Bxe4 g6
21. Rh4 Bh5 22. Kd2 Rf8 23. Rg1 Kf7 24. b3 Ke6 25. f4 Rad8 26. f5+ gxf5 27.
Rxh5 fxe4 28. Nxe4 Rg8 29. Re5+ Kf7 30. Rf1+ Kg7 31. Re7+ Kh8 32. Rff7 Rg2+ 33.
Kd3 Rh2 34. Nf6 1-0

[Event "16th South Wales Int 2019"]
[Site "Bridgend"]
[Date "2019.07.09"]
[Round "4.21"]
[White "Hirst, Joe"]
[Black "Hughes, Anthony"]
[Result "1/2-1/2"]
[WhiteElo "1632"]
[BlackElo "1900"]
[PlyCount "49"]
[EventDate "2019.07.07"]
[EventType "swiss"]
[EventRounds "9"]
[EventCountry "WLS"]

1. e4 c6 2. d4 d5 3. e5 c5 4. Nf3 Nc6 5. c3 Bg4 6. Be2 e6 7. O-O Qb6 8. Nbd2
cxd4 9. cxd4 Nge7 10. h3 Bh5 11. Nb3 Rc8 12. Be3 Nf5 13. Rc1 Be7 14. g4 Nxe3
15. fxe3 Bg6 16. a3 O-O 17. Bd3 Bxd3 18. Qxd3 Rc7 19. h4 Rfc8 20. h5 Na5 21.
Rxc7 Rxc7 22. Nxa5 Qxa5 23. g5 Qa4 24. Qd2 Qc4 25. Qf2 1/2-1/2

[Event "16th South Wales Int 2019"]
[Site "Bridgend"]
[Date "2019.07.09"]
[Round "4.22"]
[White "Spanton, Tim R"]
[Black "Ong, Weng Yan"]
[Result "0-1"]
[WhiteElo "1900"]
[BlackElo "1624"]
[PlyCount "60"]
[EventDate "2019.07.07"]
[EventType "swiss"]
[EventRounds "9"]
[EventCountry "WLS"]

1. e4 e6 2. d3 d5 3. Nd2 dxe4 4. dxe4 Nc6 5. Ngf3 Nf6 6. Bb5 Bd7 7. O-O Bc5 8.
Nb3 Bb6 9. Qe2 a6 10. Bc4 h6 11. Be3 Bxe3 12. Qxe3 O-O 13. Rad1 Qe7 14. e5 Nh7
15. Nc5 Bc8 16. Bd3 f5 17. exf6 Nxf6 18. Bc4 Kh8 19. Nh4 Qf7 20. Bxe6 Bxe6 21.
Qxe6 Qh5 22. Qc4 b5 23. Qe6 Qxh4 24. Qxc6 Ng4 25. h3 Nxf2 26. Qxa8 Nxh3+ 27.
gxh3 Rxa8 28. Kh2 Re8 29. Rf3 Re2+ 30. Kh1 Qg5 0-1

[Event "16th South Wales Int 2019"]
[Site "Bridgend"]
[Date "2019.07.09"]
[Round "4.23"]
[White "Orton, Paul"]
[Black "Camp, Imogen A L"]
[Result "0-1"]
[WhiteElo "1584"]
[BlackElo "1850"]
[PlyCount "108"]
[EventDate "2019.07.07"]
[EventType "swiss"]
[EventRounds "9"]
[EventCountry "WLS"]

1. d4 d5 2. Bf4 Nf6 3. e3 e6 4. Nf3 c5 5. c3 Bd6 6. Bg3 O-O 7. Nbd2 Nc6 8. Bd3
b6 9. Ne5 Bb7 10. Ndf3 Rc8 11. Rc1 Ne4 12. Qc2 f5 13. Nxc6 Bxc6 14. Bxd6 Qxd6
15. Ne5 b5 16. Qe2 b4 17. O-O bxc3 18. bxc3 Nf6 19. Rb1 c4 20. Bc2 Nd7 21. Nxd7
Qxd7 22. Rb2 Qd6 23. f4 Qa3 24. Rfb1 Qxc3 25. Bd1 Qa5 26. h3 Qc7 27. Qe1 Rb8
28. Qc3 Rb6 29. Kf2 Rfb8 30. h4 Rxb2+ 31. Rxb2 Rxb2+ 32. Qxb2 Qb6 33. Qc2 Qb4
34. g3 Qa3 35. Ke2 a5 36. Kd2 Qb4+ 37. Qc3 Kf7 38. Bc2 g6 39. a3 Qb6 40. Kc1 h6
41. Bd1 Kf6 42. Qd2 Qc7 43. Qe1 Bb5 44. Kc2 Ba4+ 45. Kc3 Qd6 46. Kb2 Qb6+ 47.
Kc1 Bxd1 48. Qxd1 Qb5 49. Qc2 a4 50. Qb2 Qb3 51. Qxb3 axb3 52. Kb2 Ke7 53. Kc3
Kd7 54. Kb2 Kc6 0-1

[Event "16th South Wales Int 2019"]
[Site "Bridgend"]
[Date "2019.07.09"]
[Round "4.24"]
[White "Blackmore, Simon"]
[Black "Jaberansari, Daniel"]
[Result "1-0"]
[WhiteElo "1682"]
[BlackElo "1383"]
[PlyCount "79"]
[EventDate "2019.07.07"]
[EventType "swiss"]
[EventRounds "9"]
[EventCountry "WLS"]

1. e4 e6 2. Nf3 d5 3. exd5 exd5 4. b3 Nf6 5. Bb2 g6 6. Qe2+ Be6 7. Ng5 Qe7 8.
Nxe6 fxe6 9. Nc3 Bg7 10. Nb5 c6 11. Ba3 c5 12. d4 Na6 13. dxc5 Nxc5 14. Bxc5
Qxc5 15. Qxe6+ Kf8 16. O-O-O Ne4 17. Rxd5 Bh6+ 18. Kb1 Re8 19. Qxe4 Qxf2 20.
Qf3+ Qxf3 21. gxf3 Re1+ 22. Kb2 Bg7+ 23. Ka3 Ke7 24. Rd2 a6 25. Nc7 Rc8 26. Bh3
Rxh1 27. Bxc8 Bh6 28. Rd7+ Kf6 29. Ne8+ Ke5 30. Re7+ Kd4 31. Re4+ Kc3 32. Rc4+
Kd2 33. Rd4+ Kc3 34. Rd3+ Kxc2 35. Rd7 Bc1+ 36. Ka4 Rxh2 37. Bxb7 Rh4+ 38. Be4+
Kc3 39. Rc7+ Kb2 40. Rc2+ 1-0

[Event "16th South Wales Int 2019"]
[Site "Bridgend"]
[Date "2019.07.09"]
[Round "4.25"]
[White "Chung, Daniel"]
[Black "Robertson, Jim"]
[Result "1-0"]
[WhiteElo "1434"]
[BlackElo "1580"]
[PlyCount "135"]
[EventDate "2019.07.07"]
[EventType "swiss"]
[EventRounds "9"]
[EventCountry "WLS"]

1. d4 d5 2. c4 e6 3. Nc3 f5 4. Nf3 c6 5. Bf4 Be7 6. e3 Nf6 7. c5 b6 8. b4 a5 9.
a3 bxc5 10. bxc5 a4 11. Be2 Qa5 12. Qd2 O-O 13. O-O Nbd7 14. Bd1 Ne4 15. Nxe4
fxe4 16. Qxa5 Rxa5 17. Ne5 Nxe5 18. Bxe5 Ba6 19. Re1 Bb5 20. Bg4 Kf7 21. Rab1
Rc8 22. Bh5+ g6 23. Bg4 Bd8 24. Be2 Bc7 25. Bxc7 Rxc7 26. Bxb5 Rxb5 27. Rxb5
cxb5 28. Rb1 Rb7 29. h3 Ke8 30. g4 Kd7 31. Kg2 g5 32. Kg3 h6 33. h4 e5 34. Rc1
Rc7 35. dxe5 Ke6 36. c6 Kxe5 37. Rc5 Kd6 38. Rxb5 Rxc6 39. Ra5 d4 40. hxg5 hxg5
41. Rxa4 d3 42. Rxe4 Rc5 43. Kf3 Ra5 44. Rd4+ Rd5 45. a4 Kc5 46. Rxd5+ Kxd5 47.
a5 Kc4 48. a6 Kc3 49. a7 d2 50. a8=Q d1=Q+ 51. Kg3 Qd6+ 52. Kg2 Qc5 53. Qa1+
Kd3 54. Qb1+ Kd2 55. Qb2+ Kd3 56. Qf6 Qd5+ 57. Qf3 Qg8 58. Qf5+ Kc4 59. f4 Qa8+
60. Kg3 Qh1 61. fxg5 Qg1+ 62. Kf4 Qf2+ 63. Ke5 Qb2+ 64. Ke6 Qb6+ 65. Kf7 Qb7+
66. Kf6 Qb2+ 67. Qe5 Qb7 68. g6 1-0

[Event "16th South Wales Int 2019"]
[Site "Bridgend"]
[Date "2019.07.09"]
[Round "4.26"]
[White "Hurn, Robert Aj"]
[Black "Williams, Ron"]
[Result "0-1"]
[WhiteElo "1615"]
[BlackElo "1644"]
[PlyCount "64"]
[EventDate "2019.07.07"]
[EventType "swiss"]
[EventRounds "9"]
[EventCountry "WLS"]

1. d4 e6 2. c4 f5 3. Nf3 Nf6 4. g3 Be7 5. Bg2 O-O 6. O-O d6 7. Nc3 Ne4 8. Qc2
Nxc3 9. Qxc3 a5 10. Re1 Nc6 11. a3 Bf6 12. Qd3 e5 13. dxe5 dxe5 14. Qxd8 Rxd8
15. e3 e4 16. Nd2 Be6 17. Bf1 Ne5 18. Rb1 Rxd2 19. Bxd2 Nf3+ 20. Kg2 Nxd2 21.
Rbd1 Nxf1 22. Kxf1 Bxc4+ 23. Kg2 Bd3 24. Rc1 c6 25. Rc5 g6 26. b4 axb4 27. axb4
Be7 28. Re5 Bxb4 29. Rc1 c5 30. Re7 b5 31. h4 c4 32. h5 Bxe7 0-1

[Event "16th South Wales Int 2019"]
[Site "Bridgend"]
[Date "2019.07.09"]
[Round "4.27"]
[White "Emblem, Mark"]
[Black "Chung, Joel"]
[Result "1/2-1/2"]
[WhiteElo "1513"]
[BlackElo "1475"]
[PlyCount "98"]
[EventDate "2019.07.07"]
[EventType "swiss"]
[EventRounds "9"]
[EventCountry "WLS"]

1. d4 d5 2. Bf4 Nf6 3. e3 Bf5 4. Bd3 Bg6 5. Nf3 e6 6. O-O Bd6 7. Re1 Nc6 8. c3
O-O 9. Bxg6 fxg6 10. Nbd2 Nd7 11. Bxd6 cxd6 12. e4 Nb6 13. exd5 exd5 14. Nf1
Qf6 15. Ne3 Qf4 16. a4 a5 17. Qb3 Ra6 18. Nxd5 Nxd5 19. Qxd5+ Kh8 20. Re4 Qf5
21. Qxd6 Raa8 22. Rae1 h6 23. h3 Qf7 24. Qe6 Nd8 25. Qxf7 Nxf7 26. Re7 Rab8 27.
Ne5 Nxe5 28. R1xe5 Rf5 29. Rxf5 gxf5 30. Re5 g6 31. Rxa5 b6 32. Re5 Kg7 33. a5
b5 34. d5 Ra8 35. d6 Rxa5 36. d7 Ra1+ 37. Kh2 Rd1 38. Rxb5 Rxd7 39. c4 Rd2 40.
f3 f4 41. b4 Kf6 42. c5 Rc2 43. Rb6+ Kf7 44. b5 Rxc5 45. Rb7+ Kf6 46. b6 Kg5
47. Rb8 Rb5 48. b7 Rb2 49. Kg1 h5 1/2-1/2

[Event "16th South Wales Int 2019"]
[Site "Bridgend"]
[Date "2019.07.09"]
[Round "5.2"]
[White "Korneev, Oleg"]
[Black "Chatalbashev, Boris"]
[Result "1/2-1/2"]
[WhiteElo "2523"]
[BlackElo "2518"]
[PlyCount "29"]
[EventDate "2019.07.07"]
[EventType "swiss"]
[EventRounds "9"]
[EventCountry "WLS"]

1. e4 g6 2. d4 Bg7 3. Nc3 d5 4. exd5 Nf6 5. Bc4 Nbd7 6. Nf3 O-O 7. O-O Nb6 8.
Bb3 a5 9. a4 Nbxd5 10. Nxd5 Nxd5 11. Re1 Bg4 12. h3 Bxf3 13. Qxf3 e6 14. c3 c6
15. Bc4 1/2-1/2

[Event "16th South Wales Int 2019"]
[Site "Bridgend"]
[Date "2019.07.09"]
[Round "5.3"]
[White "Rudd, Jack"]
[Black "Davies, Nigel R"]
[Result "0-1"]
[WhiteElo "2275"]
[BlackElo "2484"]
[PlyCount "66"]
[EventDate "2019.07.07"]
[EventType "swiss"]
[EventRounds "9"]
[EventCountry "WLS"]

1. d4 Nf6 2. c4 e6 3. Nc3 Bb4 4. e3 O-O 5. Bd3 d5 6. cxd5 exd5 7. a3 Bd6 8. Nf3
Re8 9. O-O c6 10. Qc2 Nbd7 11. b4 a6 12. Bd2 Qe7 13. Rfb1 Ne4 14. Be1 Nf8 15.
a4 Ng5 16. Nxg5 Qxg5 17. Ne2 Qh4 18. Ng3 Re6 19. Nf1 Bxh2+ 20. Nxh2 Rh6 21. b5
Qxh2+ 22. Kf1 Qh1+ 23. Ke2 Qxg2 24. bxa6 bxa6 25. Rb6 Bd7 26. Rab1 Re6 27. Bf5
Ree8 28. Bxd7 Nxd7 29. Rxc6 Qg4+ 30. Kd2 Nf6 31. Rbb6 h5 32. Rxa6 Rxa6 33. Rxa6
h4 0-1

[Event "16th South Wales Int 2019"]
[Site "Bridgend"]
[Date "2019.07.09"]
[Round "5.4"]
[White "Bullen, Alex"]
[Black "Petrov, Marian"]
[Result "0-1"]
[WhiteElo "2118"]
[BlackElo "2463"]
[PlyCount "70"]
[EventDate "2019.07.07"]
[EventType "swiss"]
[EventRounds "9"]
[EventCountry "WLS"]

1. d4 g6 2. Nf3 Bg7 3. e4 d6 4. Nc3 Nf6 5. h3 O-O 6. Be3 c6 7. a4 Nbd7 8. Be2
Qc7 9. Nd2 e5 10. dxe5 Nxe5 11. f4 Ned7 12. Nc4 Nxe4 13. Nxe4 d5 14. Ned6 dxc4
15. c3 Nb6 16. Bxb6 axb6 17. Nxc8 Raxc8 18. O-O b5 19. Qc2 Rfe8 20. f5 Qe5 21.
fxg6 hxg6 22. Bg4 Rcd8 23. Qf2 f5 24. Rae1 Qc7 25. Rxe8+ Rxe8 26. Bf3 bxa4 27.
Qc5 Qg3 28. Qxc4+ Kh8 29. Be2 Qe3+ 30. Rf2 Be5 31. Qd3 Bg3 32. Qxe3 Rxe3 33.
Rf3 Rxe2 34. Rxg3 Rxb2 35. Rxg6 a3 0-1

[Event "16th South Wales Int 2019"]
[Site "Bridgend"]
[Date "2019.07.09"]
[Round "5.5"]
[White "Blackburn, Jonathan L B"]
[Black "Kett, Tim"]
[Result "1/2-1/2"]
[WhiteElo "2217"]
[BlackElo "2252"]
[PlyCount "75"]
[EventDate "2019.07.07"]
[EventType "swiss"]
[EventRounds "9"]
[EventCountry "WLS"]

1. d4 Nf6 2. c4 g6 3. Nc3 Bg7 4. Nf3 O-O 5. g3 d6 6. Bg2 Nbd7 7. O-O e5 8. e4
exd4 9. Nxd4 Re8 10. Re1 c6 11. h3 a5 12. Nc2 Qe7 13. Qe2 Nc5 14. Bd2 Nfd7 15.
Rad1 Ne5 16. Be3 Be6 17. Na3 Qf8 18. f4 Ned7 19. Qd2 f5 20. Bd4 fxe4 21. Nxe4
Nxe4 22. Rxe4 Bf5 23. Bxg7 Qxg7 24. Rd4 Nc5 25. Rxd6 h5 26. Nb1 Re7 27. Nc3
Rae8 28. Qf2 Ne4 29. Bxe4 Bxe4 30. Rd8 Bf5 31. Kg2 Qf7 32. Rxe8+ Rxe8 33. Re1
Rxe1 34. Qxe1 Qxc4 35. Qe8+ Kh7 36. Qe7+ Kh6 37. Qf8+ Kh7 38. Qe7+ 1/2-1/2

[Event "16th South Wales Int 2019"]
[Site "Bridgend"]
[Date "2019.07.09"]
[Round "5.6"]
[White "Brown, Thomas"]
[Black "Toczek, Grzegorz"]
[Result "1/2-1/2"]
[WhiteElo "2092"]
[BlackElo "2249"]
[PlyCount "94"]
[EventDate "2019.07.07"]
[EventType "swiss"]
[EventRounds "9"]
[EventCountry "WLS"]

1. d4 Nf6 2. c4 c5 3. d5 e6 4. Nc3 exd5 5. cxd5 d6 6. Nf3 g6 7. Nd2 Bg7 8. e4
O-O 9. Be2 Ne8 10. O-O f5 11. exf5 Bxf5 12. Nf3 Nc7 13. Bg5 Bf6 14. Qd2 Nd7 15.
h3 Ne5 16. Bxf6 Nxf3+ 17. Bxf3 Qxf6 18. Be4 Rae8 19. Rae1 b5 20. g4 b4 21. gxf5
bxc3 22. Qxc3 Qh4 23. Qd3 Re5 24. f4 Re7 25. Re2 gxf5 26. Rg2+ Kh8 27. Bxf5 c4
28. Qc3+ Qf6 29. Qxf6+ Rxf6 30. Be6 Nxe6 31. dxe6 Rexe6 32. Rf3 d5 33. Rd2 Rf5
34. b3 Re4 35. bxc4 Rxc4 36. Rfd3 Rcxf4 37. Rxd5 Rxd5 38. Rxd5 Ra4 39. Rd2 Ra3
40. Kg2 Kg7 41. Rb2 Kf6 42. Rc2 Kf5 43. Rc5+ Ke4 44. Rc4+ Ke3 45. Rh4 Rxa2+ 46.
Kg3 a5 47. Rxh7 a4 1/2-1/2

[Event "16th South Wales Int 2019"]
[Site "Bridgend"]
[Date "2019.07.09"]
[Round "5.7"]
[White "Roberson, Peter T"]
[Black "Waddington, Mike P"]
[Result "1-0"]
[WhiteElo "2429"]
[BlackElo "2014"]
[PlyCount "49"]
[EventDate "2019.07.07"]
[EventType "swiss"]
[EventRounds "9"]
[EventCountry "WLS"]

1. e4 e5 2. Nf3 f5 3. Nxe5 Qf6 4. d4 d6 5. Nc4 fxe4 6. Nc3 Qg6 7. f3 exf3 8.
Qxf3 Nc6 9. Nb5 Bg4 10. Qb3 O-O-O 11. d5 Re8+ 12. Ne3 Be7 13. dxc6 Bh4+ 14. g3
Bf3 15. cxb7+ Kb8 16. Qa4 Bxg3+ 17. Kd2 a6 18. Qxa6 Bxb7 19. Qa7+ Kc8 20. Bh3+
Kd8 21. Qxb7 Rxe3 22. hxg3 Nf6 23. Qxc7+ Ke8 24. Nxd6+ Kf8 25. Qf7+ 1-0

[Event "16th South Wales Int 2019"]
[Site "Bridgend"]
[Date "2019.07.09"]
[Round "5.8"]
[White "Wilks, Simon"]
[Black "Siddharth, Jagadeesh"]
[Result "0-1"]
[WhiteElo "2065"]
[BlackElo "2410"]
[PlyCount "74"]
[EventDate "2019.07.07"]
[EventType "swiss"]
[EventRounds "9"]
[EventCountry "WLS"]

1. e4 c5 2. Nf3 Nc6 3. Bb5 g6 4. Bxc6 dxc6 5. d3 Bg7 6. h3 Nf6 7. Nc3 Nd7 8.
Be3 e5 9. Qd2 h6 10. O-O b6 11. Nh2 Nf8 12. f4 exf4 13. Bxf4 Ne6 14. Bg3 Nd4
15. Rae1 Be6 16. Nf3 O-O 17. a3 Kh7 18. e5 f5 19. exf6 Rxf6 20. Ne5 Rxf1+ 21.
Rxf1 Nf5 22. Rxf5 Bxf5 23. Nf3 Qe7 24. Kh2 Re8 25. Qf4 Rf8 26. Qa4 b5 27. Qa6
b4 28. axb4 cxb4 29. Nd1 Qe2 30. Nf2 Qxc2 31. Qxa7 Kg8 32. Ne5 Qxb2 33. Nxc6
Qc3 34. Ne7+ Kh8 35. Ng4 b3 36. Qb6 b2 37. Ne3 Qd4 0-1

[Event "16th South Wales Int 2019"]
[Site "Bridgend"]
[Date "2019.07.09"]
[Round "5.9"]
[White "Cannon, Richard J"]
[Black "Camacho Collados, Jose"]
[Result "0-1"]
[WhiteElo "2013"]
[BlackElo "2408"]
[PlyCount "88"]
[EventDate "2019.07.07"]
[EventType "swiss"]
[EventRounds "9"]
[EventCountry "WLS"]

1. e4 c5 2. Nf3 Nc6 3. d4 cxd4 4. Nxd4 Nf6 5. Nc3 e6 6. Ndb5 Bc5 7. Nd6+ Ke7 8.
Nxc8+ Rxc8 9. Bd3 Qc7 10. O-O a6 11. Re1 Ne5 12. h3 Rcg8 13. Be3 g5 14. Bxc5+
Qxc5 15. Qe2 g4 16. Qe3 Nf3+ 17. Kf1 Qh5 18. h4 Nxe1 19. Rxe1 Qe5 20. Qb6 Rb8
21. Qb4+ d6 22. Ne2 Rhc8 23. Ng3 Rc5 24. Nf5+ Kd7 25. Ne3 Qh2 26. Bxa6 Nh5 27.
Bb5+ Ke7 28. Ke2 Nf4+ 29. Kd1 Nxg2 30. Nxg2 Qxg2 31. Bd3 Qxf2 32. e5 Qf3+ 33.
Kc1 Qxd3 34. Qxc5 dxc5 35. cxd3 Rd8 36. Kc2 g3 37. Rg1 Rg8 38. Rg2 Kd7 39. Kd2
Kc6 40. Ke3 Kd5 41. Kf4 h5 42. a3 Kd4 43. b4 cxb4 44. axb4 b5 0-1

[Event "16th South Wales Int 2019"]
[Site "Bridgend"]
[Date "2019.07.09"]
[Round "5.10"]
[White "Murphy, Conor E"]
[Black "Hewitt, William"]
[Result "1-0"]
[WhiteElo "2362"]
[BlackElo "2005"]
[PlyCount "65"]
[EventDate "2019.07.07"]
[EventType "swiss"]
[EventRounds "9"]
[EventCountry "WLS"]

1. Nf3 Nf6 2. c4 g6 3. Nc3 d5 4. Qa4+ Bd7 5. Qb3 dxc4 6. Qxc4 Bg7 7. e4 O-O 8.
e5 Ng4 9. d4 c6 10. Ng5 Qc8 11. Be2 h5 12. Nce4 Bf5 13. Bd2 Na6 14. Rc1 Nc7 15.
h3 Nh6 16. Nc5 Nd5 17. f4 Rd8 18. Qb3 Rb8 19. Bc4 Qc7 20. Bxd5 Rxd5 21. Na6
bxa6 22. Qxd5 cxd5 23. Rxc7 Rxb2 24. Ke2 Rxa2 25. Rxa7 f6 26. Ra8+ Bf8 27. exf6
exf6 28. Nh7 Kxh7 29. Rxf8 Kg7 30. Rd8 Be6 31. Rc1 a5 32. Rc7+ Bf7 33. Rxd5 1-0

[Event "16th South Wales Int 2019"]
[Site "Bridgend"]
[Date "2019.07.09"]
[Round "5.11"]
[White "Richardson, John R"]
[Black "Jones, Derek"]
[Result "1-0"]
[WhiteElo "2239"]
[BlackElo "1937"]
[PlyCount "87"]
[EventDate "2019.07.07"]
[EventType "swiss"]
[EventRounds "9"]
[EventCountry "WLS"]

1. d4 Nf6 2. Nf3 d5 3. g3 g6 4. Bg2 Bg7 5. O-O O-O 6. Nbd2 c6 7. b3 Qa5 8. Bb2
Bf5 9. Nh4 Be6 10. c4 g5 11. Nhf3 h6 12. Qc2 Nbd7 13. Bc3 Qc7 14. e4 Nxe4 15.
Nxe4 dxe4 16. Qxe4 Nf6 17. Qc2 Qc8 18. Rfe1 Bf5 19. Qe2 e6 20. Rad1 Rd8 21. h4
g4 22. Ne5 Qc7 23. b4 h5 24. Qb2 Nd7 25. c5 Nf6 26. Nc4 Bg6 27. Bd2 Nd5 28. Bg5
Rf8 29. a4 Ne7 30. Bf4 Qc8 31. Bd6 Bf6 32. Be5 Bxe5 33. dxe5 Nd5 34. Nd6 Qd7
35. Qd2 Kg7 36. Be4 Qe7 37. b5 a6 38. bxc6 bxc6 39. Rb1 Rfb8 40. Bxg6 fxg6 41.
Qa5 Qd7 42. Rxb8 Rxb8 43. Qxa6 Rb2 44. Ra1 1-0

[Event "16th South Wales Int 2019"]
[Site "Bridgend"]
[Date "2019.07.09"]
[Round "5.12"]
[White "Bird, Joel"]
[Black "Ratnesan, Ranesh"]
[Result "0-1"]
[WhiteElo "1988"]
[BlackElo "2080"]
[PlyCount "66"]
[EventDate "2019.07.07"]
[EventType "swiss"]
[EventRounds "9"]
[EventCountry "WLS"]

1. e4 c5 2. Nf3 d6 3. c3 Nf6 4. h3 g6 5. Bd3 Bg7 6. O-O O-O 7. Bc2 d5 8. e5
Nfd7 9. d4 Nc6 10. Re1 e6 11. Be3 Qb6 12. Qc1 cxd4 13. cxd4 f6 14. exf6 Nxf6
15. Nc3 Nh5 16. Na4 Qb4 17. a3 Qd6 18. Bh6 Rxf3 19. Bxg7 Kxg7 20. gxf3 Nxd4 21.
Bd1 Nf4 22. Qe3 Nxh3+ 23. Kf1 Nf5 24. Qe5+ Qxe5 25. Rxe5 Kf6 26. Re1 Nf4 27.
Kg1 b6 28. Nc3 Nd4 29. Re3 Ba6 30. Rc1 Nf5 31. Be2 Nxe3 32. Bxa6 Nf5 33. Nb5
Ne2+ 0-1

[Event "16th South Wales Int 2019"]
[Site "Bridgend"]
[Date "2019.07.09"]
[Round "5.13"]
[White "Camp, Imogen A L"]
[Black "Marusenko, Petr"]
[Result "0-1"]
[WhiteElo "1850"]
[BlackElo "2154"]
[PlyCount "120"]
[EventDate "2019.07.07"]
[EventType "swiss"]
[EventRounds "9"]
[EventCountry "WLS"]

1. d4 d5 2. c4 c6 3. Nf3 Nf6 4. e3 Bf5 5. Nc3 e6 6. Bd3 Bxd3 7. Qxd3 Bb4 8. O-O
Nbd7 9. a3 Bxc3 10. bxc3 O-O 11. Bb2 Nb6 12. Nd2 Rc8 13. f3 Na4 14. Rab1 b5 15.
cxb5 cxb5 16. Qxb5 Nxc3 17. Bxc3 Rxc3 18. Rb3 Qc7 19. Rfb1 Rc8 20. Nf1 Ne8 21.
Rxc3 Qxc3 22. Qd7 Qc7 23. Qxc7 Rxc7 24. Rb8 Kf8 25. e4 dxe4 26. fxe4 Rc4 27.
Rb4 Rxb4 28. axb4 Ke7 29. Kf2 Nf6 30. Ke3 Kd7 31. Kd3 Kc6 32. Nd2 Kb5 33. Kc3
h5 34. Kb3 g5 35. e5 Nd5 36. Ne4 g4 37. Nd6+ Kc6 38. Nxf7 Ne3 39. Ng5 Kd5 40.
Kc3 Nxg2 41. Nh7 Nf4 42. Nf6+ Kc6 43. Kc4 a6 44. Kc3 Ne2+ 45. Kd3 g3 46. hxg3
Nxg3 47. Ke3 h4 48. Kf3 Nf5 49. Ke4 Ne7 50. Kf3 Nd5 51. Ne4 Nxb4 52. Nc5 Kd5
53. Kg4 a5 54. Kxh4 Nc6 55. Nb3 a4 56. Na1 Kxd4 57. Kg5 Kc3 58. Kf6 Kb2 59.
Kxe6 Kxa1 60. Kd6 Nxe5 0-1

[Event "16th South Wales Int 2019"]
[Site "Bridgend"]
[Date "2019.07.09"]
[Round "5.14"]
[White "Robinson, David"]
[Black "Garcia, Jason"]
[Result "1/2-1/2"]
[WhiteElo "1840"]
[BlackElo "2053"]
[PlyCount "75"]
[EventDate "2019.07.07"]
[EventType "swiss"]
[EventRounds "9"]
[EventCountry "WLS"]

1. d4 d5 2. Nf3 Nf6 3. Bf4 c5 4. e3 Nc6 5. c3 Qb6 6. Qb3 c4 7. Qc2 Bf5 8. Qc1
e6 9. Nbd2 Rc8 10. Be2 Be7 11. O-O h6 12. Ne5 g5 13. Bg3 h5 14. h4 gxh4 15.
Bxh4 Nxe5 16. dxe5 Ng4 17. Bxe7 Kxe7 18. e4 Bg6 19. exd5 Nxe5 20. Nf3 Nxf3+ 21.
Bxf3 exd5 22. Bxd5 Rhd8 23. Qg5+ Kf8 24. Rfe1 Kg7 25. Rad1 Re8 26. Rxe8 Rxe8
27. Bxc4 Qxb2 28. Rd7 Qb1+ 29. Kh2 Rf8 30. Bd3 Qb6 31. Qe5+ Kg8 32. Bxg6 Qxg6
33. Rxb7 a6 34. Qg3 Rc8 35. Rb6 Qxg3+ 36. Kxg3 Rxc3+ 37. f3 Ra3 38. Rb2 1/2-1/2

[Event "16th South Wales Int 2019"]
[Site "Bridgend"]
[Date "2019.07.09"]
[Round "5.15"]
[White "Wilson, Matthew R"]
[Black "Pleasants, Allan J"]
[Result "1-0"]
[WhiteElo "1817"]
[BlackElo "2049"]
[PlyCount "61"]
[EventDate "2019.07.07"]
[EventType "swiss"]
[EventRounds "9"]
[EventCountry "WLS"]

1. e4 g6 2. Nc3 Bg7 3. f4 c6 4. Nf3 d5 5. d3 Bxc3+ 6. bxc3 dxe4 7. dxe4 Qxd1+
8. Kxd1 Nf6 9. Bd3 O-O 10. Ba3 Re8 11. c4 Nfd7 12. g4 b6 13. Ke2 c5 14. h4 Nc6
15. e5 Bb7 16. c3 Nf8 17. h5 Rad8 18. Rh3 Rd7 19. Rf1 Red8 20. Ne1 Ba6 21. Bc1
Na5 22. hxg6 fxg6 23. f5 Bxc4 24. Bh6 Rd5 25. e6 Re5+ 26. Kd2 Bxd3 27. Rxd3
Nc4+ 28. Kc2 Re2+ 29. Kd1 Rxe1+ 30. Kxe1 Rxd3 31. f6 1-0

[Event "16th South Wales Int 2019"]
[Site "Bridgend"]
[Date "2019.07.09"]
[Round "5.16"]
[White "Davis, Lee"]
[Black "Phillips, William"]
[Result "0-1"]
[WhiteElo "1937"]
[BlackElo "1847"]
[PlyCount "56"]
[EventDate "2019.07.07"]
[EventType "swiss"]
[EventRounds "9"]
[EventCountry "WLS"]

1. d4 Nf6 2. g3 e6 3. Bg2 d5 4. Nf3 Be7 5. O-O O-O 6. c4 Nbd7 7. Nbd2 Re8 8.
Qc2 c6 9. b3 Bd6 10. Bb2 e5 11. dxe5 Nxe5 12. cxd5 cxd5 13. Rfd1 Nc6 14. Ng5 h6
15. Bxf6 Qxf6 16. Bxd5 hxg5 17. Bxc6 bxc6 18. Qxc6 Bf5 19. e4 Bg4 20. Nc4 Be5
21. Nxe5 Qxe5 22. Re1 Rac8 23. Qa6 Rc2 24. Qxa7 Rd8 25. Rac1 Qc3 26. Qe7 Qd2
27. Rxc2 Qxe1+ 28. Kg2 Rd1 0-1